01184nam a22002657a 45000010005000000030009000050050017000140080041000310200013000720400028000850820024001132450100001372500025002372600038002623000028003005000102003285000055004305150049004855300027005345800077005615800166006386500052008046500037008567000025008931917BD-DhUAP20200206122724.0200206s1995 mnuar 0 a0eng c a02720329 aFXGbEngcFXGdBD-DhUAP0 223 a343.73052 WES 00aWest's Federal taxation : bindividual income taxes /cEdited by William H. Hoffman... [et al.] a1996 annual edition. aSt. Paul : bWest Pub., cc1995.  avarious pages ;c26 cm. aIncludes instructor's guide and solutions manual; and Master tax: user's guide and documentation. aEditors: <1978-80> L.C. Phillips and W.H. Hoffman. aIssue for 2002 called also 25th anniversary. aAlso issued on CD-ROM. aAccompanied by: Introduction to computerized tax planning with AATAXCOM. aCan be used with: West-tax preparer ... to accompany West's federal taxation, and: Introduction to computerized tax planning with the BNA income tax spreadsheet. 0aIncome taxxLaw and legislationzUnited States. 7aIncome taxxLaw and legislation. aHoffma, William H.